El queso y los gusanos (Record no. 72344)

MARC details
000 -LEADER
campo de control de longitud fija 01030nam a2200277 i 4500
001 - NÚMERO DE CONTROL
campo de control 72344
003 - IDENTIFICADOR DE NÚMERO DE CONTROL
campo de control ES-MaACL
005 - FECHA Y HORA DE LA ÚLTIMA TRANSACCIÓN
campo de control 20251016163107.0
007 - CAMPO FIJO DE DESCRIPCIÓN FÍSICA--INFORMACIÓN GENERAL
campo de control de longitud fija t|
008 - DATOS DE LONGITUD FIJA--INFORMACIÓN GENERAL
campo de control de longitud fija 040831s1981 sp |||| |bspa d
080 ## - NÚMERO DE LA CLASIFICACIÓN DECIMAL UNIVERSAL
Número de la Clasificación Decimal Universal 929 Scandello, Domenico
080 ## - NÚMERO DE LA CLASIFICACIÓN DECIMAL UNIVERSAL
Número de la Clasificación Decimal Universal 272(45)"15"
100 1# - ENTRADA PRINCIPAL--NOMBRE DE PERSONA
Nombre de persona Ginzburg, Carlo.
9 (RLIN) 57146
245 13 - MENCIÓN DEL TÍTULO
Título El queso y los gusanos
Resto del título : el cosmos, según un molinero del siglo XVI /
Mención de responsabilidad, etc. Carlo Ginzburg ; traducido del italiano por Francisco Martín ; traducción de las citas en latín, Francisco Cuartero.
260 ## - PUBLICACIÓN, DISTRIBUCIÓN, ETC.
Lugar de publicación, distribución, etc. [Barcelona] :
Nombre del editor, distribuidor, etc. Muchnik,
Fecha de publicación, distribución, etc. [1981]
300 ## - DESCRIPCIÓN FÍSICA
Extensión 256 p. ;
Dimensiones 22 cm.
490 1# - MENCIÓN DE SERIE
Mención de serie Archivos de la herejía ;
Designación de volumen o secuencia 1
600 14 - PUNTO DE ACCESO ADICIONAL DE MATERIA--NOMBRE DE PERSONA
Nombre de persona Scandello, Doménico.
9 (RLIN) 162075
650 #4 - PUNTO DE ACCESO ADICIONAL DE MATERIA--TÉRMINO DE MATERIA
Término de materia o nombre geográfico como elemento de entrada Religiosidad popular-
Subdivisión geográfica Friuli-Venezia Giulia.
9 (RLIN) 162076
650 #4 - PUNTO DE ACCESO ADICIONAL DE MATERIA--TÉRMINO DE MATERIA
Término de materia o nombre geográfico como elemento de entrada Campesinado-
Subdivisión geográfica Udine (Provincia)
9 (RLIN) 162077
700 1# - ENTRADA AGREGADA--NOMBRE PERSONAL
Nombre de persona Martín Arribas, Francisco
9 (RLIN) 157158
700 1# - ENTRADA AGREGADA--NOMBRE PERSONAL
Nombre de persona Cuartero, Francesc J.
9 (RLIN) 162078
830 1# - PUNTO DE ACCESO ADICIONAL DE SERIE-TÍTULO UNIFORME
Título uniforme Archivos de la herejía ;
Designación de volumen o secuencia 1
9 (RLIN) 231111
852 ## - LOCALIZACIÓN
Ubicación ES-MaACL
Número de control de estantería L-3126
Holdings
Estatus retirado Estado de pérdida Estado de daño No para préstamo Biblioteca de origen Biblioteca actual Ubicación en estantería Fecha de adquisición Fuente de adquisición Total de préstamos Signatura topográfica completa Código de barras Visto por última vez Precio de reemplazo Tipo de ítem Koha
        Biblioteca del Ateneo de Madrid Biblioteca del Ateneo de Madrid Depósito 2 17/01/2008     L-3126 1075739 23/02/2023 23/02/2023 Libro impreso